书目信息 |
| 题名: |
无线通信与移动通信中信号处理研究的新进展
|
|
| 作者: | 贾那科斯 , Giannakis 编 ;刘郁林 , 邵怀宗 译 | |
| 分册: | ||
| 出版信息: | 北京 电子工业出版社 2004.6 |
|
| 页数: | 659页 | |
| 开本: | 26cm | |
| 丛书名: | 国外电子与通信教材系列 | |
| 单 册: | ||
| 中图分类: | TN92 | |
| 科图分类: | ||
| 主题词: | 无线电通信--通信系统--信号处理--教材 , 移动通信--通信系统--信号处理--教材 , 通信系统 , 信号处理 | |
| 电子资源: | ||
| ISBN: | 7-120-00043-8 | |
| 000 | 01685nam2 2200349 45 | |
| 001 | 012004000000 | |
| 005 | 20050113151809.66 | |
| 010 | @a7-120-00043-8@dCNY 69.00 | |
| 100 | @a20041120d2004 em y0chiy0121 ea | |
| 101 | 1 | @achi@ceng |
| 102 | @aCN@b110000 | |
| 105 | @aa z 000yy | |
| 200 | 1 | @a无线通信与移动通信中信号处理研究的新进展@Awu xian tong xin yu yi dong tong xin xin hao chu li yan jiu de xin jin zhan@f(美)贾那科斯(Georgios B. Giannakis)...[等]编@g刘郁林, 邵怀宗等译 |
| 210 | @a北京@c电子工业出版社@d2004.6 | |
| 215 | @a659页@c图@d26cm | |
| 225 | 2 | @a国外电子与通信教材系列 |
| 304 | @a书名原文: Signal processing advances in wireless and mobile communications Volume 1: trends in channel estimation and equalization Signal processing advances in wireless and mobile communications Volume 2: treds in single-user and multi-user systems | |
| 304 | @a本书共他编者: (美)Yingbo Hua, (美)Petre Stoica, (美)Lang Tong | |
| 320 | @a本书含附录和参考文献 | |
| 410 | 0 | @12001 @a国外电子与通信教材系列 |
| 510 | 1 | @aSignal processing advances in wireless and mobile communications Volume 1: trends in channel estimation and equalization Signal processing advances in wireless and mobile communications Volume 2: treds in single-user and multi-user systems@zeng |
| 606 | 0 | @a无线电通信@x通信系统@x信号处理@j教材 |
| 606 | 0 | @a移动通信@x通信系统@x信号处理@j教材 |
| 606 | 0 | @a通信系统 |
| 606 | 0 | @a信号处理 |
| 690 | @aTN92@v4 | |
| 701 | 1 | @a贾那科斯@Ajia na ke si@bG. B.@4编 |
| 701 | A1 | @aGiannakis@bGeorgios B.@4编 |
| 702 | 0 | @a刘郁林@Aliu yu lin@4译 |
| 702 | 0 | @a邵怀宗@Ashao huai zong@4译 |
| 801 | 0 | @aCN@bQSSKxf@c20050113 |
| 905 | @a10447@dTN92@eJ243 | |
| 无线通信与移动通信中信号处理研究的新进展/(美)贾那科斯(Georgios B. Giannakis)...[等]编/刘郁林, 邵怀宗等译.-北京:电子工业出版社,2004.6 |
| 659页:图;26cm.-(国外电子与通信教材系列) |
| ISBN 7-120-00043-8:CNY 69.00 |
| ● |
| 相关链接 |
|
|
|
正题名:无线通信与移动通信中信号处理研究的新进展
索取号:TN92/J243
 
预约/预借
| 序号 | 登录号 | 条形码 | 馆藏地/架位号 | 状态 | 备注 |
| 1 | 437188 | 204371884 | 自科库301/301自科库 30排2列5层/ [索取号:TN92/J243] | 在馆 | |
| 2 | 437189 | 204371893 | 自科库301/301自科库 999排1列3层/ [索取号:TN92/J243] | 在馆 | |
| 3 | 437190 | 204371900 | 自科库301/301自科库 999排1列3层/ [索取号:TN92/J243] | 在馆 |